000 00519nam a2200193Ia 4500
005 20250820122211.0
008 008 250516s9999 xx 000 0 hin d
020 _a9789392998454
040 _beng
_cSDCL
041 _ahin
_2hin
084 _aO152,1N61x, R3
100 _aAnamika
245 0 _a75 Kavitayain:
_bAnamika
246 _a७५ कवितायेँ :
_bअनामिका
260 _aDelhi:
_bNayee Kitab Prakashan,
_c2023.
300 _a136p.
650 _aHindi
942 _cTEXL
_2CC
999 _c1429325
_d1429325